000 00669nam a2200241Ia 4500
003 OSt
005 20220918222502.0
006 a|||||r|||| 00| 0
007 ta
008 220917b |||||||| |||| 00| 0 eng d
024 _a217,054
037 _cTextual
040 _aARTS
_cARTS
_beng
041 _2eng
_aeng
082 _aZ44:f, N8
100 _aSingh M Kirti
_9143290
245 0 _aRecent researches in oriental and indological studies (including meiteilogy)
260 _aDelhi
_bParimal Publications
_c1998
300 _avi, 322p
_ccm.
650 _aLAW
_97240
942 _hZ44:f, N8
_cTEXL
_2CC
999 _c275678
_d275678